| 000 | 00499nam a2200181 a 4500 | ||
|---|---|---|---|
| 005 | 20140310183439.0 | ||
| 008 | 080303s19uu xx 00 eng d | ||
| 020 | _a1841122432 | ||
| 050 |
_aHD 30.2 _b.F73 2002 |
||
| 100 | _aFrappaolo, Carl | ||
| 245 |
_aKnowledge management / _cCarl Frappaolo |
||
| 260 |
_aUnited Kingdom : _bCapstone Publishing, _c2002. |
||
| 300 |
_a100 p. : _bill. ; _c19 cm. |
||
| 521 | _aBSBA | ||
| 650 | _aKnowledge management. | ||
| 942 |
_cBK _2lcc _kFOR |
||
| 999 |
_c23019 _d23019 |
||